00578nam a2200133 a 450000100100000000500170001000800410002704000250006811000780009324500990017126000760027030000200034671000780036600003112220250502073820.0110613s1983 dr 000 0 spa d aDO-SdBNPbspacBNPHU1 aRepública Dominicana.bOficina Nacional de Administración y Personal 10aDiagnostico de la organización y funcionamiento de la Secretaría de Estado de Agricultura. aSanto Domingo :bONAPbSecretariado Técnico de la Presidencia,c1983. a16 p. ;c28 cm.1 aRepública Dominicana.bOficina Nacional de Administración y Personal